| 000 | 01203nam a2200265 i 4500 | ||
|---|---|---|---|
| 001 | 17346 | ||
| 003 | ES-MaACL | ||
| 005 | 20230906151545.0 | ||
| 007 | t| | ||
| 008 | 010212s2000 sp ||||1| spa d | ||
| 020 | _a84-922221-7-4 | ||
| 080 | _a821.134.2-32"19"(082.2) | ||
| 245 | 0 | 0 |
_aPremios "Santoña _ la mar" : _bquinta edición del Certamen Literario "Ricardo Macías Picavea". |
| 260 |
_aSantoña : _bAyuntamiento, Concejalía de Cultura y Deporte, _c2000. |
||
| 300 |
_a102 p. ; _c21 cm. |
||
| 505 | 8 | _aContiene: La hija de la oscuridad / Vicente Fernández Said . El hundimiento del Reina María Luisa / María del Puerto Barruetebeña Díez . Witness Box / Javier Tuero Rodríguez . Ritos de iniciación / Fernando Villamía Ugarte . El bajel de los olvidados / Antonio Luis Vera Velasco. | |
| 650 | 4 |
_aNovelas cortas españolas- _yS.XX. _915633 |
|
| 700 | 1 |
_aFernández Saiz, Vicente. _950060 |
|
| 700 | 1 |
_aBarruetabeña Díez, María del Puerto. _926084 |
|
| 700 | 1 |
_aTuero Rodríguez, Javier. _9111645 |
|
| 700 | 1 |
_aVillamía Ugarte, Fernando. _9114998 |
|
| 700 | 1 |
_aVera Velasco, Antonio Luis. _9113967 |
|
| 710 | 1 |
_aSantoña. _bAyuntamiento. _96505 |
|
| 852 | 4 |
_aES-MaACL _jL-24154 |
|
| 999 |
_c17346 _d17346 |
||